000 00520nam a22001817a 4500
005 20251108165024.0
008 250721s9999 xx 000 0 ara d
082 1 4 _a811.9565/نطا
100 1 _aالنطافي، محمد ذيب
_eمؤلف
245 1 0 _aروض الأحبة : ديوان شعر /
264 1 _aعمان :
_bالنطافي،
_c[200-].
300 _a128 ص.
650 1 7 _aالشعر العربي
650 1 7 _aالعصر الحديث
650 1 7 _aالاردن
942 _2ddc
_cBK
999 _c20120
_d20120